000 01315nam a2200313 a 4500
001 ebr10459652
003 CaPaEBR
006 m u
007 cr cn|||||||||
008 110426s2009 enk sb 001 0 eng d
020 _z9781905539314
020 _z9781907830310 (e-book)
040 _aCaPaEBR
_cCaPaEBR
035 _a(OCoLC)726825905
050 1 4 _aRT86.3
_b.N87 2009eb
245 0 0 _aNurses and their patients
_h[electronic resource] :
_binforming practice through psychodynamic insights /
_cedited by Louise de Raeve, Mic Rafferty, Mary Paget.
260 _aCumbria [England] :
_bM&K Update Ltd.,
_c2009.
300 _axiii, 266 p.
504 _aIncludes bibliographical references and index.
505 0 _apt. 1. Theory -- pt. 2. Case studies -- pt. 3. The wider context : research and supervision.
533 _aElectronic reproduction.
_bPalo Alto, Calif. :
_cebrary,
_d2011.
_nAvailable via World Wide Web.
_nAccess may be limited to ebrary affiliated libraries.
650 0 _aNurse and patient.
655 7 _aElectronic books.
_2local
700 1 _aTew, Louise.
700 1 _aRafferty, Mic.
700 1 _aPaget, Mary.
710 2 _aebrary, Inc.
856 4 0 _uhttp://site.ebrary.com/lib/rucke/Doc?id=10459652
_zAn electronic book accessible through the World Wide Web; click to view
999 _c126740
_d126740